Top 50 seriali na Filmwebie - Statystyki

Ogólne statystyki
  • Ten quiz został rozwiązany 64 razy
  • Średni wynik to 15 z 50
Statystyki odpowiedzi
Rok Produkcji Serial % Poprawnych
2. 2008 Breaking Bad
84%
3. 2011 Gra o tron
73%
28. 2016 Stranger Things
67%
50. 2017 Dom z papieru
58%
24. 1994 Przyjaciele
55%
1. 2019 Czarnobyl
53%
30. 2006 Dexter
51%
8. 2013 Peaky Blinders
49%
13. 1999 Rodzina Soprano
49%
34. 2017 Dark
45%
29. 2004 Dr House
42%
19. 2015 Zadzwoń do Saula
42%
25. 2013 House of Cards
40%
7. 2013* Rick i Morty
38%
11. 1990 Miasteczko Twin Peaks
36%
16. 2015 Narcos
36%
6. 2005 Biuro
35%
43. 2020 Gambit królowej
33%
10. 2014* BoJack Horseman
31%
5. 2001 Kompania braci
31%
22. 2002 Prawo ulicy
31%
46. 2011 W garniturach
31%
15. 2014 Detektyw
29%
9. 2010 Sherlock
29%
39. 2005** PitBull
27%
47. 2019 The Boys
27%
36. 1986** Alternatywy 4
25%
31. 1986* Dragon Ball
25%
48. 2014** Wataha
25%
18. 2013 Wikingowie
25%
23. 2011 Czarne lustro
24%
4. 2019 Nasza planeta
24%
40. 2018 Sukcesja
24%
42. 2016 The Crown
24%
27. 2006* Notatnik śmierci
20%
37. 2014 Fargo
18%
12. 1989* Dragon Ball Z
16%
26. 2001 Chłopaki z baraków
15%
35. 2014 Gomorra
15%
21. 2013* Attack on Titan
13%
32. 2016 Fleabag
13%
17. 2020 Ostatni taniec
13%
41. 2022 Rozdzielenie
13%
44. 2011 Shameless - Niepokorni
13%
14. 2021* Arcane
11%
20. 1969 Latający Cyrk Monty Pythona
11%
45. 2017 Wielkie kłamstewka
9%
49. 2005 Nie z tego świata
7%
33. 2005* Awatar: Legenda Aanga
5%
38. 2009* Stalowy alchemik: Misja braci
4%
Nie znaleziono quizów pasujących do podanych kryteriów
Rozkład punktacji
Procent ludzi z każdym wynikiem
Percentyl według liczby udzielonych odpowiedzi
Twoja historia wyników
Nie rozwiązałeś tego quizu